[Event "Condom 2008 fermé"]
[Site "Condom"]
[Date "????.??.??"]
[Round "2.1"]
[White "Steil-Antoni, Fiona"]
[Black "Matseyko, Katerina"]
[Result "1/2-1/2"]
[WhiteElo "2103"]
[BlackElo "2308"]
[PlyCount "54"]

1. e4 c5 2. Nc3 a6 3. g3 b5 4. Bg2 Bb7 5. d3 g6 6. f4 Bg7 7. Nf3 Nc6 8. Qe2 e6
9. Nd1 Nd4 10. Qf2 d5 11. e5 Nxf3+ 12. Bxf3 Qc7 13. c3 h5 14. O-O Nh6 15. Bd2
Nf5 16. Ne3 Ne7 17. Ng2 Bf8 18. Rac1 c4 19. d4 a5 20. Ne3 a4 21. a3 O-O-O 22.
Qg2 Kb8 23. Kf2 Nc6 24. Nc2 Na5 25. Rcd1 Nb3 26. Be3 Be7 27. Na1 Na5 1/2-1/2

[Event "Condom 2008 fermé"]
[Site "Condom"]
[Date "????.??.??"]
[Round "2.2"]
[White "Arutyunova, Diana"]
[Black "Shoker, Samy"]
[Result "1/2-1/2"]
[WhiteElo "2292"]
[BlackElo "2365"]
[PlyCount "88"]

1. e4 g6 2. d4 Bg7 3. Nc3 d6 4. Nf3 a6 5. a4 b6 6. Bc4 Bb7 7. O-O e6 8. Qe2 Nd7
9. Bg5 Ne7 10. Rad1 h6 11. Bc1 c6 12. Bb3 Qc7 13. h3 b5 14. d5 cxd5 15. exd5 e5
16. axb5 O-O 17. Bc4 axb5 18. Nxb5 Qb8 19. Nfd4 exd4 20. Qxe7 Nb6 21. Nxd6 Bxd5
22. Bxd5 Nxd5 23. Qd7 Ra7 24. Qc6 Nb4 25. Qc5 Rc7 26. Qa5 Rxc2 27. Nb5 Nc6 28.
Qa4 Rc5 29. Nxd4 Nxd4 30. Rxd4 Bxd4 31. Qxd4 Rh5 32. Bf4 Qd8 33. Qc3 Kh7 34. b4
Re8 35. Bc1 Qc8 36. Qb3 Qe6 37. Qc3 Rc8 38. Qd4 Rc4 39. Qd2 Qd5 40. Qb2 Qe4 41.
Bd2 Rb5 42. Bc3 Rg5 43. g3 Qf5 44. Bh8 f6 {
suite illisible, nulle au 130ème coup.} 1/2-1/2

[Event "Condom 2008 fermé"]
[Site "Condom"]
[Date "????.??.??"]
[Round "2.3"]
[White "Guichard, Pauline"]
[Black "Congiu, Mathilde"]
[Result "1/2-1/2"]
[WhiteElo "2284"]
[BlackElo "2196"]
[PlyCount "77"]

1. d4 d5 2. c4 c6 3. Nf3 Nf6 4. e3 g6 5. Nbd2 Bg7 6. Bd3 O-O 7. b3 c5 8. Bb2
cxd4 9. exd4 Nc6 10. O-O b6 11. Rc1 Ba6 12. Re1 dxc4 13. bxc4 e6 14. d5 exd5
15. cxd5 Nb4 16. Bxa6 Nxa6 17. Bxf6 Bxf6 18. Ne4 Bb2 19. Rc4 Qd7 20. d6 Bg7 21.
Qd5 Rfe8 22. Rec1 Rad8 23. a4 Nc5 24. Nxc5 bxc5 25. Rd1 Bd4 26. Nxd4 Qxd6 27.
Qxd6 Rxd6 28. f3 cxd4 29. Rdxd4 Rxd4 30. Rxd4 Re5 31. Kf2 Kf8 32. Rb4 h5 33. f4
Rd5 34. Ke3 Ke7 35. h3 Ke6 36. g4 hxg4 37. hxg4 f6 38. Rb1 Ra5 39. Rb4 1/2-1/2

[Event "Condom 2008 fermé"]
[Site "Condom"]
[Date "????.??.??"]
[Round "2.4"]
[White "Gutierrez Castillo, Paloma"]
[Black "Benmesbah, Natacha"]
[Result "1-0"]
[WhiteElo "2157"]
[BlackElo "2210"]
[PlyCount "101"]

1. e4 c5 2. Nf3 d6 3. Bb5+ Nd7 4. d4 Ngf6 5. Nc3 a6 6. Bxd7+ Nxd7 7. dxc5 Nxc5
8. O-O e6 9. Qd4 Qc7 10. Bf4 f6 11. Bg3 Nd7 12. Rad1 Ne5 13. Nd2 Be7 14. f4 Nc6
15. Qe3 O-O 16. Nc4 b5 17. Nb6 Rb8 18. Nxc8 Rbxc8 19. f5 b4 20. Ne2 Ne5 21. Nd4
Qb6 22. Qb3 d5 23. Kh1 exf5 24. Qxd5+ Kh8 25. Nxf5 Rfd8 26. Qb3 Rxd1 27. Rxd1
Rd8 28. Rxd8+ Qxd8 29. Qd5 Qxd5 30. exd5 Bd8 31. Bxe5 fxe5 32. Kg1 g6 33. Ng3
Bb6+ 34. Kf1 Bd4 35. Ne4 Kg7 36. c3 Be3 37. Ke2 Bc1 38. cxb4 Kf7 39. Kd3 Bxb2
40. Nc5 Ke7 41. Nxa6 Kd6 42. Ke4 Ba3 43. b5 Kd7 44. b6 Kc8 45. Kxe5 Kb7 46. Nc7
Kxb6 47. Ne8 Kb7 48. Ke6 Kc8 49. Nd6+ Kd8 50. Nf7+ Ke8 51. d6 1-0

[Event "Condom 2008 fermé"]
[Site "Condom"]
[Date "????.??.??"]
[Round "2.5"]
[White "Robles Garcia, Claudia"]
[Black "Videnova, Iva"]
[Result "0-1"]
[WhiteElo "2256"]
[BlackElo "2211"]
[PlyCount "100"]

1. e4 c5 2. Nf3 Nc6 3. d4 cxd4 4. Nxd4 Nf6 5. Nc3 e5 6. Ndb5 d6 7. Nd5 Nxd5 8.
exd5 Ne7 9. c3 Nf5 10. a4 g6 11. Bd3 Bg7 12. O-O O-O 13. Qb3 a6 14. Na3 Ne7 15.
Be3 f5 16. f3 Kh8 17. Rad1 Bd7 18. Bb6 Qe8 19. Bc2 Nc8 20. Nc4 Rf6 21. Rfe1 g5
22. Qb4 Qh5 23. Kh1 Rh6 24. Bg1 b5 25. axb5 axb5 26. Ne3 Ne7 27. Ra1 Qe8 28.
Bb3 Bf8 29. Ra5 Rxa5 30. Qxa5 g4 31. fxg4 f4 32. g5 Rh5 33. Nf1 Rxg5 34. Bf2
Qg6 35. Qd8 Be8 36. g3 Nf5 37. gxf4 Rg2 38. Bg3 Rxb2 39. Bd1 Be7 40. Qc8 Bh4
41. Bf3 Bxg3 42. hxg3 Kg7 43. Qe6 Nxg3+ 44. Nxg3 Qxg3 45. Qg4+ Qxg4 46. Bxg4
Bf7 47. Rg1 Kf6 48. fxe5+ Kxe5 49. Bf3 Rd2 50. Rb1 Kf4 0-1